00161nam a22000737a 4500082001200000100001300012245005000025650001200075 a530 REE aRees,W.G aPhysics by example:200 problems and solutions aphysics